ბათუმის შოთა რუსთაველის სახელმწიფო უნივერსიტეტის ბიბლიოთეკა

რჩეული ნაწერები : 2 ტომად. ტ. 2. (ბიბ.ჩანაწერი № 50191)

000 -LEADER
fixed length control field 00758nam a2200205Ia 4500
001 - CONTROL NUMBER
control field 17129
003 - CONTROL NUMBER IDENTIFIER
control field GE_BSU
008 - FIXED-LENGTH DATA ELEMENTS--GENERAL INFORMATION
fixed length control field 181216s||||||||xx |||||||||||||| ||und||
040 ## - CATALOGING SOURCE
Transcribing agency GE_BSU
080 ## - UNIVERSAL DECIMAL CLASSIFICATION NUMBER
Universal Decimal Classification number 821.353.1 + 821.353.1-32
100 ## - MAIN ENTRY--PERSONAL NAME
Personal name გაბაშვილი, ეკატერინე (1851-1938)
245 ## - TITLE STATEMENT
Title რჩეული ნაწერები : 2 ტომად. ტ. 2.
245 ## - TITLE STATEMENT
Statement of responsibility, etc. გ. თავზიშვილის რედ., წინასიტყვ. და შენიშვნებით.
260 ## - PUBLICATION, DISTRIBUTION, ETC.
Place of publication, distribution, etc. თბილისი
260 ## - PUBLICATION, DISTRIBUTION, ETC.
Name of publisher, distributor, etc. საბჭ. საქართველო
260 ## - PUBLICATION, DISTRIBUTION, ETC.
Date of publication, distribution, etc. 1960
300 ## - PHYSICAL DESCRIPTION
Extent 459 გვ.23 სმ.
653 ## - INDEX TERM--UNCONTROLLED
Uncontrolled term რჩეული ნაწერები
942 ## - ADDED ENTRY ELEMENTS (KOHA)
Koha item type წიგნი
ეგზემპლარები
Withdrawn status Lost status Damaged status Not for loan Date acquired Barcode Date last seen Price effective from Koha item type
        2018-12-17 21797 2018-12-17 2018-12-17 წიგნი
        2018-12-17 21798 2018-12-17 2018-12-17 წიგნი
        2018-12-17 21799 2018-12-17 2018-12-17 წიგნი